[Event "Kadettlandskamp NOR-SWE B 2018"]
[Site "NTG, Bærum, Norway"]
[Date "2018.12.15"]
[Round "2.2"]
[White "Olsson, William"]
[Black "Fossan, Aleksander"]
[Result "0-1"]
[WhiteFideId "1741721"]
[BlackFideId "1519794"]
[WhiteElo "1743"]
[BlackElo "1903"]

1. Nf3 {[%clk 00:15:18]} {[%emt 00:00:02]} c5 {[%clk 00:15:16]} {[%emt
00:00:04]} 2. c4 {[%clk 00:15:27]} g6 {[%clk 00:15:25]} {[%emt 00:00:01]} 3.
Nc3 {[%clk 00:15:34]} {[%emt 00:00:02]} Bg7 {[%clk 00:15:34]} {[%emt 00:00:01]}
4. g3 {[%clk 00:15:43]} {[%emt 00:00:02]} Nc6 {[%clk 00:15:44]} 5. Bg2 {[%clk
00:15:52]} {[%emt 00:00:01]} e5 {[%clk 00:15:51]} {[%emt 00:00:03]} 6. O-O
{[%clk 00:15:56]} {[%emt 00:00:06]} d6 {[%clk 00:15:54]} {[%emt 00:00:07]} 7.
a3 {[%clk 00:16:04]} {[%emt 00:00:03]} Nge7 {[%clk 00:16:02]} {[%emt 00:00:02]}
8. Rb1 {[%clk 00:16:12]} {[%emt 00:00:01]} a5 {[%clk 00:16:11]} {[%emt
00:00:02]} 9. d3 {[%clk 00:16:20]} {[%emt 00:00:02]} O-O {[%clk 00:16:08]}
{[%emt 00:00:12]} 10. Bd2 {[%clk 00:16:28]} {[%emt 00:00:01]} h6 {[%clk
00:15:10]} {[%emt 00:01:09]} 11. Ne1 {[%clk 00:16:35]} {[%emt 00:00:01]} Be6
{[%clk 00:15:05]} {[%emt 00:00:17]} 12. e4 {[%clk 00:16:32]} {[%emt 00:00:13]}
Qd7 {[%clk 00:13:39]} {[%emt 00:01:36]} 13. Nb5 {[%clk 00:16:21]} {[%emt
00:00:20]} f5 {[%clk 00:12:46]} {[%emt 00:01:04]} 14. Qe2 {[%clk 00:15:50]}
{[%emt 00:00:41]} Nd4 {[%clk 00:10:00]} {[%emt 00:02:56]} 15. Nxd4 {[%clk
00:15:44]} {[%emt 00:00:16]} cxd4 {[%clk 00:10:09]} 16. exf5 {[%clk 00:15:15]}
{[%emt 00:00:38]} Bxf5 {[%clk 00:09:45]} {[%emt 00:00:34]} 17. b4 {[%clk
00:15:23]} {[%emt 00:00:03]} axb4 {[%clk 00:09:33]} {[%emt 00:00:22]} 18. Bxb4
{[%clk 00:15:17]} {[%emt 00:00:16]} Nc6 {[%clk 00:08:55]} {[%emt 00:00:48]} 19.
Nc2 {[%clk 00:14:55]} {[%emt 00:00:32]} Kh7 {[%clk 00:06:47]} {[%emt 00:02:18]}
20. Rfe1 {[%clk 00:14:24]} {[%emt 00:00:40]} Bg4 {[%clk 00:06:10]} {[%emt
00:00:48]} 21. Qf1 {[%clk 00:13:02]} {[%emt 00:01:32]} Rf6 {[%clk 00:05:21]}
{[%emt 00:00:59]} 22. Rb2 {[%clk 00:12:58]} {[%emt 00:00:14]} Raf8 {[%clk
00:05:09]} {[%emt 00:00:21]} 23. Na1 {[%clk 00:13:05]} {[%emt 00:00:04]} Bf3
{[%clk 00:04:41]} {[%emt 00:00:38]} 24. Nb3 {[%clk 00:13:02]} {[%emt 00:00:13]}
Nxb4 {[%clk 00:04:22]} {[%emt 00:00:29]} 25. axb4 {[%clk 00:13:08]} {[%emt
00:00:04]} Qa4 {[%clk 00:04:01]} {[%emt 00:00:31]} 26. b5 {[%clk 00:11:27]}
{[%emt 00:01:50]} Qa3 {[%clk 00:02:55]} {[%emt 00:01:17]} 27. Reb1 {[%clk
00:11:19]} {[%emt 00:00:18]} h5 {[%clk 00:02:49]} {[%emt 00:00:17]} 28. Bh3
{[%clk 00:10:46]} {[%emt 00:00:43]} Bh6 {[%clk 00:02:52]} {[%emt 00:00:07]} 29.
Nd2 {[%clk 00:10:30]} {[%emt 00:00:26]} Bxd2 {[%clk 00:02:24]} {[%emt
00:00:38]} 30. Rxd2 {[%clk 00:10:39]} {[%emt 00:00:01]} Qc5 {[%clk 00:01:31]}
{[%emt 00:01:04]} 31. Qe1 {[%clk 00:09:44]} {[%emt 00:01:04]} Re8 {[%clk
00:01:35]} {[%emt 00:00:06]} 32. Bg2 {[%clk 00:09:24]} {[%emt 00:00:29]} Bxg2
{[%clk 00:01:32]} {[%emt 00:00:14]} 33. Kxg2 {[%clk 00:09:33]} d5 {[%clk
00:01:32]} {[%emt 00:00:10]} 34. cxd5 {[%clk 00:08:49]} {[%emt 00:00:54]} Qxd5+
{[%clk 00:01:40]} {[%emt 00:00:02]} 35. Qe4 {[%clk 00:08:57]} {[%emt 00:00:01]}
Qxe4+ {[%clk 00:01:34]} {[%emt 00:00:16]} 36. dxe4 {[%clk 00:09:06]} Rc8 {[%clk
00:01:19]} {[%emt 00:00:25]} 37. Rb3 {[%clk 00:08:50]} {[%emt 00:00:26]} b6
{[%emt 00:00:19]} 38. Ra2 {[%clk 00:08:41]} {[%emt 00:00:18]} Kh6 {[%clk
00:00:54]} {[%emt 00:00:27]} 39. f3 {[%clk 00:07:57]} {[%emt 00:00:54]} g5
{[%clk 00:00:39]} {[%emt 00:00:25]} 40. Rf2 {[%clk 00:07:41]} {[%emt 00:00:26]}
Rc5 {[%clk 00:00:43]} {[%emt 00:00:07]} 41. Rbb2 {[%clk 00:07:14]} {[%emt
00:00:37]} Kg6 {[%clk 00:00:36]} {[%emt 00:00:18]} 42. h3 {[%clk 00:06:59]}
{[%emt 00:00:24]} Rc3 {[%clk 00:00:29]} {[%emt 00:00:18]} 43. g4 {[%clk
00:06:49]} {[%emt 00:00:20]} h4 {[%clk 00:00:19]} {[%emt 00:00:19]} 44. Ra2
{[%clk 00:06:50]} {[%emt 00:00:10]} Rc5 {[%clk 00:00:21]} {[%emt 00:00:08]} 45.
Rab2 {[%clk 00:06:47]} {[%emt 00:00:13]} Rd6 {[%clk 00:00:29]} {[%emt
00:00:02]} 46. Rfd2 {[%clk 00:06:52]} {[%emt 00:00:05]} Rd8 {[%clk 00:00:29]}
{[%emt 00:00:11]} 47. Kf2 {[%emt 00:00:20]} Ra8 {[%emt 00:00:01]} 48. Ke2
{[%clk 00:06:24]} {[%emt 00:00:26]} Ra5 {[%clk 00:00:37]} {[%emt 00:00:12]} 49.
Rb3 {[%clk 00:06:01]} {[%emt 00:00:32]} Rcxb5 {[%clk 00:00:40]} {[%emt
00:00:07]} 50. Rxb5 {[%clk 00:06:05]} {[%emt 00:00:05]} Rxb5 {[%clk 00:00:49]}
{[%emt 00:00:01]} 51. Ra2 {[%clk 00:06:13]} {[%emt 00:00:02]} Rb1 {[%clk
00:00:52]} {[%emt 00:00:08]} 52. Kf2 {[%clk 00:06:07]} {[%emt 00:00:15]} Kf6
{[%clk 00:00:58]} {[%emt 00:00:04]} 53. Ra8 {[%clk 00:06:13]} {[%emt 00:00:04]}
b5 {[%clk 00:01:02]} {[%emt 00:00:06]} 54. Ra6+ {[%clk 00:06:17]} {[%emt
00:00:06]} Kf7 {[%clk 00:01:07]} {[%emt 00:00:04]} 55. Ra7+ {[%clk 00:06:21]}
{[%emt 00:00:07]} Ke6 {[%clk 00:01:02]} {[%emt 00:00:15]} 56. Ra6+ {[%clk
00:06:28]} {[%emt 00:00:02]} Kd7 {[%clk 00:01:03]} {[%emt 00:00:09]} 57. Rg6
{[%clk 00:06:11]} {[%emt 00:00:28]} Rb2+ {[%clk 00:01:02]} {[%emt 00:00:10]} 58.
Kf1 {[%clk 00:06:12]} {[%emt 00:00:04]} b4 {[%clk 00:00:34]} {[%emt 00:00:44]}
59. Rxg5 {[%clk 00:06:20]} {[%emt 00:00:02]} Kd6 {[%clk 00:00:41]} {[%emt
00:00:02]} 60. Rg8 {[%clk 00:06:22]} {[%emt 00:00:09]} b3 {[%clk 00:00:24]}
{[%emt 00:00:27]} 61. Rb8 {[%clk 00:05:42]} {[%emt 00:00:50]} Rb1+ {[%clk
00:00:19]} {[%emt 00:00:15]} 62. Kg2 {[%clk 00:05:50]} {[%emt 00:00:01]} Rb2+
{[%clk 00:00:29]} 63. Kf1 {[%clk 00:05:59]} Rb1+ {[%clk 00:00:20]} {[%emt
00:00:19]} 64. Kg2 {[%clk 00:06:07]} {[%emt 00:00:02]} Kc5 {[%clk 00:00:24]}
{[%emt 00:00:06]} 65. g5 {[%clk 00:06:10]} {[%emt 00:00:06]} Rb2+ {[%clk
00:00:31]} {[%emt 00:00:04]} 66. Kf1 {[%clk 00:06:16]} {[%emt 00:00:03]} d3
{[%clk 00:00:18]} {[%emt 00:00:23]} 67. g6 {[%clk 00:06:04]} {[%emt 00:00:22]}
Rb1+ {[%clk 00:00:24]} {[%emt 00:00:05]} 68. Kf2 {[%clk 00:06:08]} {[%emt
00:00:05]} Rb2+ {[%clk 00:00:28]} {[%emt 00:00:06]} 69. Ke1 {[%clk 00:06:01]}
{[%emt 00:00:17]} Rg2 {[%clk 00:00:18]} {[%emt 00:00:20]} 70. Rxb3 {[%clk
00:06:07]} {[%emt 00:00:03]} Kd4 {[%clk 00:00:23]} {[%emt 00:00:05]} 71. Rb6
{[%clk 00:05:57]} {[%emt 00:00:21]} Ke3 {[%clk 00:00:30]} {[%emt 00:00:03]} 72.
Kf1 {[%clk 00:05:54]} {[%emt 00:00:12]} Rf2+ {[%clk 00:00:30]} {[%emt
00:00:10]} 73. Kg1 {[%clk 00:05:56]} {[%emt 00:00:07]} Rxf3 {[%clk 00:00:29]}
{[%emt 00:00:13]} 74. Kg2 {[%clk 00:05:14]} {[%emt 00:00:52]} Rg3+ {[%clk
00:00:23]} {[%emt 00:00:16]} 75. Kf1 {[%clk 00:05:21]} {[%emt 00:00:02]} Rxh3
{[%clk 00:00:16]} {[%emt 00:00:17]} 76. Rb5 {[%clk 00:03:59]} {[%emt 00:01:31]}
Rf3+ {[%clk 00:00:24]} {[%emt 00:00:03]} 77. Kg2 {[%clk 00:04:01]} {[%emt
00:00:07]} Rg3+ {[%clk 00:00:28]} {[%emt 00:00:06]} 78. Kh2 {[%clk 00:04:10]}
Kxe4 {[%clk 00:00:32]} {[%emt 00:00:07]} 79. Rb4+ {[%clk 00:04:16]} {[%emt
00:00:03]} Ke3 {[%clk 00:00:39]} {[%emt 00:00:02]} 80. Rxh4 {[%clk 00:04:17]}
{[%emt 00:00:10]} Rxg6 {[%clk 00:00:46]} {[%emt 00:00:03]} 81. Rh3+ {[%clk
00:04:25]} {[%emt 00:00:02]} Kd4 {[%clk 00:00:47]} {[%emt 00:00:08]} 82. Rh8
{[%clk 00:04:32]} {[%emt 00:00:03]} e4 {[%clk 00:00:50]} {[%emt 00:00:07]} 0-1

[Event "Kadettlandskamp NOR-SWE B 2018"]
[Site "NTG, Bærum, Norway"]
[Date "2018.12.15"]
[Round "2.3"]
[White "Nielsen, Andre"]
[Black "Nguyen, Gabriel"]
[Result "1-0"]
[WhiteTitle "FM"]
[WhiteFideId "1518240"]
[BlackFideId "1720791"]
[WhiteElo "1917"]
[BlackElo "1906"]

1. e4 {[%clk 00:15:16]} {[%emt 00:00:02]} c5 {[%clk 00:15:18]} {[%emt
00:00:02]} 2. Nf3 {[%clk 00:15:23]} {[%emt 00:00:03]} e6 {[%clk 00:15:27]}
{[%emt 00:00:02]} 3. d4 {[%clk 00:15:30]} {[%emt 00:00:03]} cxd4 {[%clk
00:15:35]} {[%emt 00:00:02]} 4. Nxd4 {[%clk 00:15:35]} {[%emt 00:00:04]} a6
{[%clk 00:15:43]} {[%emt 00:00:03]} 5. Nc3 {[%clk 00:15:40]} {[%emt 00:00:05]}
Qc7 {[%clk 00:15:51]} {[%emt 00:00:02]} 6. Be2 {[%clk 00:15:39]} {[%emt
00:00:10]} b5 {[%clk 00:15:58]} {[%emt 00:00:03]} 7. O-O {[%clk 00:15:41]}
{[%emt 00:00:09]} Bb7 {[%clk 00:16:06]} {[%emt 00:00:02]} 8. Re1 {[%clk
00:15:40]} {[%emt 00:00:12]} Nc6 {[%clk 00:16:14]} {[%emt 00:00:02]} 9. Nxc6
{[%clk 00:15:16]} {[%emt 00:00:34]} dxc6 {[%clk 00:16:20]} {[%emt 00:00:03]} 10.
e5 {[%clk 00:15:14]} {[%emt 00:00:12]} Rd8 {[%clk 00:12:16]} {[%emt 00:04:14]}
11. Bd3 {[%clk 00:14:58]} {[%emt 00:00:26]} c5 {[%clk 00:12:08]} {[%emt
00:00:19]} 12. Qh5 {[%clk 00:14:11]} {[%emt 00:00:56]} Ne7 {[%clk 00:09:56]}
{[%emt 00:02:22]} 13. Bg5 {[%clk 00:13:11]} {[%emt 00:01:09]} Rd7 {[%clk
00:09:10]} {[%emt 00:00:57]} 14. Rad1 {[%clk 00:11:19]} {[%emt 00:02:01]} Nd5
{[%clk 00:08:31]} {[%emt 00:00:50]} 15. Ne4 {[%clk 00:10:25]} {[%emt 00:01:03]}
c4 {[%clk 00:08:30]} {[%emt 00:00:12]} 16. Bf1 {[%clk 00:09:52]} {[%emt
00:00:42]} Nb6 {[%clk 00:07:41]} {[%emt 00:00:59]} 17. Nd6+ {[%clk 00:06:42]}
{[%emt 00:03:20]} Rxd6 {[%clk 00:06:49]} {[%emt 00:01:03]} 18. exd6 {[%clk
00:06:39]} {[%emt 00:00:12]} Qd7 {[%clk 00:06:52]} {[%emt 00:00:08]} 19. g3
{[%clk 00:04:56]} {[%emt 00:01:53]} Qc6 {[%clk 00:03:50]} {[%emt 00:03:12]} 20.
Rxe6+ {[%clk 00:03:40]} {[%emt 00:01:25]} Kd7 {[%clk 00:03:44]} {[%emt
00:00:17]} 21. Qxf7+ {[%clk 00:03:34]} {[%emt 00:00:14]} Kc8 {[%clk 00:03:49]}
{[%emt 00:00:04]} 22. Re8+ {[%clk 00:03:32]} {[%emt 00:00:14]} 1-0

[Event "Kadettlandskamp NOR-SWE B 2018"]
[Site "NTG, Bærum, Norway"]
[Date "2018.12.15"]
[Round "2.4"]
[White "Rasti, Arvin"]
[Black "Melaa, Sondre Lillestøl"]
[Result "0-1"]
[WhiteFideId "1741160"]
[BlackFideId "1530470"]
[WhiteElo "1777"]
[BlackElo "1838"]

1. d4 {[%clk 00:15:18]} {[%emt 00:00:02]} d5 {[%clk 00:15:07]} {[%emt
00:00:13]} 2. c4 {[%clk 00:15:16]} {[%emt 00:00:11]} e6 {[%clk 00:15:09]}
{[%emt 00:00:07]} 3. Nf3 {[%clk 00:15:24]} {[%emt 00:00:03]} Nf6 {[%clk
00:15:16]} {[%emt 00:00:03]} 4. g3 {[%clk 00:15:18]} {[%emt 00:00:16]} dxc4
{[%clk 00:15:23]} {[%emt 00:00:03]} 5. Bg2 {[%clk 00:15:24]} {[%emt 00:00:04]}
a6 {[%clk 00:15:30]} {[%emt 00:00:03]} 6. O-O {[%clk 00:15:22]} {[%emt
00:00:12]} Nc6 {[%clk 00:15:18]} {[%emt 00:00:22]} 7. a4 {[%clk 00:15:03]}
{[%emt 00:00:29]} Rb8 {[%clk 00:14:06]} {[%emt 00:01:22]} 8. Bg5 {[%clk
00:14:50]} {[%emt 00:00:23]} Be7 {[%clk 00:14:01]} {[%emt 00:00:15]} 9. e3
{[%clk 00:13:52]} {[%emt 00:01:09]} O-O {[%clk 00:13:33]} {[%emt 00:00:37]} 10.
Nfd2 {[%clk 00:13:30]} {[%emt 00:00:32]} Na5 {[%clk 00:13:00]} {[%emt
00:00:43]} 11. Qc2 {[%clk 00:12:42]} {[%emt 00:00:57]} c5 {[%clk 00:11:21]}
{[%emt 00:01:49]} 12. dxc5 {[%clk 00:12:29]} {[%emt 00:00:24]} Qc7 {[%clk
00:10:48]} {[%emt 00:00:42]} 13. Bxf6 {[%clk 00:09:53]} {[%emt 00:02:47]} Bxf6
{[%clk 00:10:45]} {[%emt 00:00:12]} 14. Ne4 {[%clk 00:09:56]} {[%emt 00:00:06]}
Be7 {[%clk 00:10:26]} {[%emt 00:00:30]} 15. Na3 {[%clk 00:09:39]} {[%emt
00:00:27]} b5 {[%clk 00:05:29]} {[%emt 00:05:07]} 16. cxb6 {[%clk 00:08:45]}
{[%emt 00:01:04]} Rxb6 {[%clk 00:04:01]} {[%emt 00:01:37]} 17. Nd2 {[%clk
00:07:28]} {[%emt 00:01:27]} Bd7 {[%clk 00:03:21]} {[%emt 00:00:49]} 18. Naxc4
{[%clk 00:07:08]} {[%emt 00:00:30]} Rc8 {[%clk 00:02:26]} {[%emt 00:01:04]} 19.
Rac1 {[%clk 00:06:57]} {[%emt 00:00:23]} Rb4 {[%clk 00:02:11]} {[%emt
00:00:24]} 20. b3 {[%clk 00:06:47]} {[%emt 00:00:21]} Nxb3 {[%clk 00:01:22]}
{[%emt 00:00:59]} 21. Nxb3 {[%clk 00:04:58]} {[%emt 00:02:00]} Rxc4 {[%clk
00:00:32]} {[%emt 00:01:00]} 22. Qa2 {[%clk 00:04:38]} {[%emt 00:00:30]} Rb8
{[%clk 00:00:32]} {[%emt 00:00:10]} 23. Rfd1 {[%clk 00:04:08]} {[%emt
00:00:40]} Rxb3 {[%clk 00:00:28]} {[%emt 00:00:14]} 24. Rxc4 {[%clk 00:03:59]}
{[%emt 00:00:19]} Qxc4 {[%clk 00:00:36]} {[%emt 00:00:02]} 25. Rxd7 {[%clk
00:04:08]} Bf6 {[%clk 00:00:35]} {[%emt 00:00:11]} 26. Bf1 {[%clk 00:03:46]}
{[%emt 00:00:32]} Qb4 {[%clk 00:00:38]} {[%emt 00:00:07]} 27. Qc2 {[%clk
00:03:10]} {[%emt 00:00:46]} g6 {[%clk 00:00:43]} {[%emt 00:00:05]} 28. Qc8+
{[%clk 00:03:01]} {[%emt 00:00:18]} Kg7 {[%clk 00:00:45]} {[%emt 00:00:09]} 29.
Qe8 {[%clk 00:03:04]} {[%emt 00:00:07]} Qf8 {[%clk 00:00:31]} {[%emt 00:00:23]}
30. Qxe6 {[%clk 00:03:11]} {[%emt 00:00:03]} Rb1 {[%clk 00:00:27]} {[%emt
00:00:14]} 31. Qxa6 {[%clk 00:03:10]} {[%emt 00:00:11]} Qe8 {[%clk 00:00:25]}
{[%emt 00:00:12]} 32. Qd3 {[%clk 00:03:04]} {[%emt 00:00:15]} Ra1 {[%clk
00:00:29]} {[%emt 00:00:06]} 33. Qb5 {[%clk 00:02:23]} {[%emt 00:00:52]} h5
{[%clk 00:00:37]} {[%emt 00:00:03]} 34. h4 {[%clk 00:02:22]} {[%emt 00:00:11]}
Qe4 {[%clk 00:00:41]} {[%emt 00:00:05]} 35. Qb7 {[%clk 00:01:32]} {[%emt
00:01:01]} Qc4 {[%clk 00:00:48]} {[%emt 00:00:02]} 36. Qg2 {[%clk 00:01:24]}
{[%emt 00:00:18]} Qxa4 {[%clk 00:00:57]} {[%emt 00:00:02]} 37. Rb7 {[%clk
00:01:21]} {[%emt 00:00:12]} Qa6 {[%clk 00:00:56]} {[%emt 00:00:12]} 38. Rd7
{[%clk 00:01:15]} {[%emt 00:00:15]} Qb5 {[%clk 00:01:02]} {[%emt 00:00:04]} 39.
Rd2 {[%clk 00:01:06]} {[%emt 00:00:20]} Rc1 {[%clk 00:00:56]} {[%emt 00:00:16]}
40. f4 {[%clk 00:00:55]} {[%emt 00:00:22]} Be7 {[%clk 00:00:35]} {[%emt
00:00:31]} 41. Kf2 {[%clk 00:00:42]} {[%emt 00:00:22]} Qa5 {[%clk 00:00:35]}
{[%emt 00:00:10]} 42. Qd5 {[%clk 00:00:35]} {[%emt 00:00:17]} Bc5 {[%clk
00:00:20]} {[%emt 00:00:25]} 43. Bc4 {[%clk 00:00:29]} {[%emt 00:00:16]} Rxc4
{[%clk 00:00:24]} {[%emt 00:00:07]} 44. Qe5+ {[%clk 00:00:26]} {[%emt
00:00:14]} Kh7 {[%clk 00:00:31]} {[%emt 00:00:02]} 45. Rd7 {[%clk 00:00:26]}
{[%emt 00:00:11]} Qa2+ {[%clk 00:00:25]} {[%emt 00:00:15]} 46. Kf3 {[%clk
00:00:23]} {[%emt 00:00:13]} Qa8+ {[%clk 00:00:31]} {[%emt 00:00:03]} 47. Ke2
{[%clk 00:00:18]} {[%emt 00:00:16]} Qg2+ {[%clk 00:00:38]} {[%emt 00:00:03]} 48.
Kd3 {[%clk 00:00:27]} Qc2# {[%emt 00:00:02]} 0-1

[Event "Kadettlandskamp NOR-SWE B 2018"]
[Site "NTG, Bærum, Norway"]
[Date "2018.12.15"]
[Round "2.5"]
[White "Abdrlauf, Elham"]
[Black "Ivarsson, Sebastian"]
[Result "1-0"]
[WhiteFideId "1533533"]
[BlackFideId "1738593"]
[WhiteElo "2191"]
[BlackElo "1652"]

1. e4 {[%clk 00:15:19]} {[%emt 00:16:31]} e5 {[%clk 00:15:16]} {[%emt
00:00:03]} 2. Nf3 {[%clk 00:15:28]} Nc6 {[%clk 00:15:25]} {[%emt 00:00:04]} 3.
Bb5 {[%clk 00:15:35]} {[%emt 00:00:03]} a6 {[%clk 00:15:20]} {[%emt 00:00:15]}
4. Ba4 {[%clk 00:15:43]} {[%emt 00:00:02]} Nf6 {[%clk 00:15:28]} {[%emt
00:00:02]} 5. O-O {[%clk 00:15:44]} {[%emt 00:00:08]} Be7 {[%clk 00:15:36]}
{[%emt 00:00:02]} 6. d3 {[%clk 00:15:49]} {[%emt 00:00:05]} b5 {[%clk
00:15:44]} {[%emt 00:00:02]} 7. Bb3 {[%clk 00:15:57]} {[%emt 00:00:02]} d6
{[%clk 00:15:46]} {[%emt 00:00:08]} 8. c3 {[%clk 00:15:56]} {[%emt 00:00:12]}
O-O {[%clk 00:15:52]} {[%emt 00:00:04]} 9. Nbd2 {[%clk 00:15:41]} {[%emt
00:00:25]} Bd7 {[%clk 00:14:47]} {[%emt 00:01:16]} 10. Re1 {[%clk 00:15:35]}
{[%emt 00:00:15]} Na5 {[%clk 00:14:42]} {[%emt 00:00:16]} 11. Bc2 {[%clk
00:15:43]} {[%emt 00:00:02]} c5 {[%clk 00:14:50]} {[%emt 00:00:01]} 12. Nf1
{[%clk 00:15:48]} {[%emt 00:00:05]} Re8 {[%clk 00:14:33]} {[%emt 00:00:27]} 13.
Ng3 {[%clk 00:15:33]} {[%emt 00:00:25]} g6 {[%clk 00:13:12]} {[%emt 00:01:31]}
14. b3 {[%clk 00:15:32]} {[%emt 00:00:10]} Bf8 {[%clk 00:12:35]} {[%emt
00:00:48]} 15. Bb2 {[%clk 00:15:37]} {[%emt 00:00:05]} Bg7 {[%clk 00:12:00]}
{[%emt 00:00:45]} 16. Qd2 {[%clk 00:15:25]} {[%emt 00:00:22]} Qb6 {[%clk
00:09:11]} {[%emt 00:02:58]} 17. Rad1 {[%clk 00:15:00]} {[%emt 00:00:35]} Rad8
{[%clk 00:08:42]} {[%emt 00:00:40]} 18. d4 {[%clk 00:14:59]} {[%emt 00:00:11]}
c4 {[%clk 00:07:08]} {[%emt 00:01:44]} 19. Ba3 {[%clk 00:13:30]} {[%emt
00:01:40]} cxb3 {[%clk 00:05:44]} {[%emt 00:01:34]} 20. axb3 {[%clk 00:13:33]}
{[%emt 00:00:05]} Be6 {[%clk 00:05:17]} {[%emt 00:00:38]} 21. d5 {[%clk
00:13:42]} {[%emt 00:00:01]} Bg4 {[%clk 00:05:24]} {[%emt 00:00:03]} 22. Qe3
{[%clk 00:12:58]} {[%emt 00:00:54]} Qc7 {[%clk 00:05:15]} {[%emt 00:00:18]} 23.
Bb2 {[%clk 00:12:46]} {[%emt 00:00:21]} b4 {[%clk 00:03:20]} {[%emt 00:02:06]}
24. c4 {[%clk 00:12:45]} {[%emt 00:00:11]} Nb7 {[%clk 00:03:17]} {[%emt
00:00:13]} 25. Ra1 {[%clk 00:12:52]} {[%emt 00:00:03]} Nc5 {[%clk 00:03:25]}
{[%emt 00:00:02]} 26. Nd2 {[%clk 00:12:56]} {[%emt 00:00:05]} Ra8 {[%clk
00:03:25]} {[%emt 00:00:09]} 27. Rf1 {[%clk 00:12:41]} {[%emt 00:00:26]} Bd7
{[%clk 00:02:18]} {[%emt 00:01:17]} 28. h3 {[%clk 00:12:34]} {[%emt 00:00:18]}
a5 {[%clk 00:00:48]} {[%emt 00:01:40]} 29. f4 {[%clk 00:12:02]} {[%emt
00:00:42]} a4 {[%clk 00:00:54]} {[%emt 00:00:03]} 30. fxe5 {[%clk 00:12:05]}
{[%emt 00:00:07]} dxe5 {[%clk 00:01:03]} 31. bxa4 {[%clk 00:11:33]} {[%emt
00:00:42]} Bxa4 {[%clk 00:00:37]} {[%emt 00:00:36]} 32. Bd3 {[%clk 00:10:46]}
{[%emt 00:00:58]} Nxd3 {[%clk 00:00:27]} {[%emt 00:00:19]} 33. Qxd3 {[%clk
00:10:54]} {[%emt 00:00:02]} Nd7 {[%clk 00:00:35]} {[%emt 00:00:02]} 34. Nf3
{[%clk 00:10:20]} {[%emt 00:00:44]} Nc5 {[%clk 00:00:44]} {[%emt 00:00:01]} 35.
Qe3 {[%clk 00:10:26]} {[%emt 00:00:04]} Bb3 {[%clk 00:00:18]} {[%emt 00:00:36]}
36. Rxa8 {[%clk 00:10:11]} {[%emt 00:00:26]} Rxa8 {[%clk 00:00:27]} {[%emt
00:00:01]} 37. Kh2 {[%clk 00:10:12]} {[%emt 00:00:08]} Ra2 {[%clk 00:00:29]}
{[%emt 00:00:07]} 38. Bxe5 {[%clk 00:10:15]} {[%emt 00:00:08]} Bxe5 {[%clk
00:00:35]} {[%emt 00:00:04]} 39. Nxe5 {[%clk 00:10:24]} Qxe5 {[%clk 00:00:23]}
{[%emt 00:00:23]} 40. Qxc5 {[%clk 00:10:33]} Rc2 {[%clk 00:00:24]} {[%emt
00:00:08]} 41. Qc8+ {[%clk 00:10:14]} {[%emt 00:00:29]} Kg7 {[%clk 00:00:33]}
42. Qb7 {[%clk 00:10:23]} {[%emt 00:00:02]} Qe8 {[%clk 00:00:13]} {[%emt
00:00:30]} 43. Qxb4 {[%clk 00:10:15]} {[%emt 00:00:19]} Bxc4 {[%clk 00:00:22]}
{[%emt 00:00:01]} 44. Rc1 {[%clk 00:10:16]} {[%emt 00:00:08]} Rxc1 {[%clk
00:00:14]} {[%emt 00:00:18]} 45. Qb2+ {[%clk 00:10:26]} Kg8 {[%clk 00:00:23]}
{[%emt 00:00:01]} 46. Qxc1 {[%clk 00:10:35]} Bd3 {[%clk 00:00:31]} {[%emt
00:00:02]} 47. Qe3 {[%clk 00:10:41]} {[%emt 00:00:04]} Bc4 {[%clk 00:00:36]}
{[%emt 00:00:05]} 48. Qd4 {[%clk 00:10:50]} Ba6 {[%clk 00:00:39]} {[%emt
00:00:07]} 49. e5 {[%clk 00:10:59]} Bc8 {[%clk 00:00:46]} {[%emt 00:00:04]} 50.
Ne4 {[%clk 00:11:08]} {[%emt 00:00:01]} Qd8 {[%clk 00:00:16]} {[%emt 00:00:37]}
51. Nf6+ {[%clk 00:11:09]} {[%emt 00:00:12]} Kg7 {[%clk 00:00:25]} 52. Qh4
{[%clk 00:11:12]} {[%emt 00:00:07]} h5 {[%clk 00:00:31]} {[%emt 00:00:05]} 53.
Nxh5+ {[%clk 00:11:21]} {[%emt 00:00:01]} 1-0